LEADER 01093nam0 22003133i 450 001 UFI0064488 005 20231121125904.0 010 $a0471503525 010 $a047161243X 100 $a20141021d1989 ||||0itac50 ba 101 | $aeng 102 $aus 181 1$6z01$ai $bxxxe 182 1$6z01$an 200 1 $aRobot dynamics and control$fMark W. Spong, M. Vidyasagar 210 $aNew York [etc.]$cJ. Wiley$d©1989 215 $aXVI, 336 p.$cill.$d24 cm 606 $aRobotica$2FIR$3RMLC377829$9I 676 $a629.892$9$v21 700 1$aSpong$b, Mark W.$3AQ1V001439$4070$08076 701 1$aVidyasagar$b, Mathukumalli$f <1947- >$3MILV039034$4070$08077 801 3$aIT$bIT-01$c20141021 850 $aIT-FR0099 899 $aBiblioteca Area Ingegneristica$bFR0099 912 $aUFI0064488 950 0$aBiblioteca Area Ingegneristica$d 54DII 629.8 SPO$e 54VM 0000429495 VM barcode:BAIN003814. - Inventario:1379DVM$fA $h20040416$i20121204 977 $a 54 996 $aRobot dynamics and Control$9333918 997 $aUNICAS LEADER 01424nam2 22003253i 450 001 RMS2460152 005 20251003044346.0 010 $a9788834817247 100 $a20160421d2011 ||||0itac50 ba 101 | $aita 102 $ait 181 1$6z01$ai $bxxxe 182 1$6z01$an 183 1$6z01$anc$2RDAcarrier 200 1 $aˆ4: L'‰esecuzione forzata, i procedimenti sommari, cautelari e possessori, il nuovo procedimento sommario cognitorio, la giurisdizione volontaria$fCrisanto Mandrioli 205 $a21. ed. aggiornata$fa cura di Antonio Carratta 210 $aTorino$cGiappichelli$d2011 215 $aXII, 478 p.$d25 cm 461 1$1001RMS2460116$12001 $aDiritto processuale civile$fCrisanto Mandrioli$v4 606 $aDiritto processuale civile$xItalia$2FIR$3BVEC130071$9E 676 $a347.4505$9PROCEDURA CIVILE. ITALIA$v21 700 1$aMandrioli$b, Crisanto$3CFIV011182$4070$0227204 702 1$aCarratta$b, Antonio$3RMGV007676$4340 801 3$aIT$bIT-000000$c20160421 850 $aIT-BN0095 912 $aRMS2460152 950 2$aBiblioteca Centralizzata di Ateneo$d 01D (S) 2 063$e 01S 0090020635 VMA (0004 v. 4$fY $h20121029$i20121029 977 $a 01 996 $aEsecuzione forzata, i procedimenti sommari, cautelari e possessori, il nuovo procedimento sommario cognitorio, la giurisdizione volontaria$967060 997 $aUNISANNIO LEADER 02652nam0 22005653i 450 001 CFI0004250 005 20251003044106.0 100 $a19851210d1978 ||||0itac50 ba 101 | $aita 102 $ait 181 1$6z01$ai $bxxxe 182 1$6z01$an 183 1$6z01$anc$2RDAcarrier 200 1 $aSindacato e autogestione 210 $a[Roma]$cLavoro$dstampa 1978 215 $a271 p.$d21 cm 300 $aAtti del convegno La partecipazione dei lavoratori: cogestione e autogestione, Milano, 19-21 settembre 1977 300 $aIn testa al front.: Fondazione Pietro Seveso. 500 11$aSindacato e autogestione.$3MSE0068541$92964660 606 $aAziende$xGestione$xPartecipazione [dei] Lavoratori$2FIR$3IEIC001735$9I 606 $aSindacati$xCongressi$xItalia$x1977$2FIR$3LO1C046552$9I 606 $aAutogestione$xItalia$2FIR$3LO1C428552$9I 676 $a331.88$9SINDACATI$v23 676 $a331.880945$9SINDACATI. Italia$v19 676 $a338.6$9ORGANIZZAZIONE DELLA PRODUZIONE$v20 676 $a338.6 SIN 5234$9$v20 686 $a414.2$cM0VIMENTI E ORGANIZZAZIONI SINDACALI 1968-1989$2R 686 $aIT/4420.0$cPOLITICA E CULTURA ITALIA 1968-1989$2R 686 $aIT/4430.0$cECONOMIA E SOCIETA ITALIA 1968-1989$2R 686 $aIT/4436.0$cLAVORO SINDACATI DEI LAVORATORI ITALIA 1968-1989$2R 686 $aIT/4436.8$cORGANIZZAZIONI SINDACALI E ALTRE ITALIA 1968-1989$2R 686 $aX0.8/1977$cCONFERENZE CONGRESSI E CONVEGNI (ATTI DI) 1977$2R 696 $aImprese 696 $aConvegni$aCongressi e convegni$aAssociazioni sindacali$aOrganizzazioni sindacali$aOrganizzazione sindacale 699 $aAziende$yImprese 699 $aCongressi$yConvegni 699 $aCongressi$yCongressi e convegni 699 $aSindacati$yAssociazioni sindacali 699 $aSindacati$yOrganizzazioni sindacali 699 $aSindacati$zOrganizzazione sindacale 712 02$aFondazione regionale Pietro Seveso$3TO0V103938 791 02$aFondazione Pietro Seveso$3LO1V261641$zFondazione regionale Pietro Seveso 801 3$aIT$bIT-000000$c19851210 850 $aIT-BN0095 901 $bNAP 01$cPOZZO LIB.$nVi sono collocati fondi di economia, periodici di ingegneria e scienze, periodici di economia e statistica e altri fondi comprendenti documenti di economia pervenuti in dono. 912 $aCFI0004250 950 0$aBiblioteca Centralizzata di Ateneo$c1 v.$d 01POZZO LIB.F. SANTI 517$e 0101 0060033525E VMA 1 v. (Precedente collocazione S 457)$fB $h20221111$i20221111 977 $a 01 996 $aSindacato e autogestione$92964660 997 $aUNISANNIO